000
00301nam a2200121Ia 4500
008
151213s9999 xx 000 0 und d
245
_a
Annual Budget 2005 -06
_b
Finance Division
260
_a
Dhaka
_b
Govt.
_c
2005 -06
300
_a
2356 p.
650
_a
Economics
650
_a
Economics
999
_c
1665
_d
1665